<?xml version="1.0" encoding="UTF-8"?>
<record
    xmlns:xsi="http://www.w3.org/2001/XMLSchema-instance"
    xsi:schemaLocation="http://www.loc.gov/MARC21/slim http://www.loc.gov/standards/marcxml/schema/MARC21slim.xsd"
    xmlns="http://www.loc.gov/MARC21/slim">

  <leader>02334nab a22002777a 4500</leader>
  <datafield tag="999" ind1=" " ind2=" ">
    <subfield code="c">5448</subfield>
    <subfield code="d">5448</subfield>
  </datafield>
  <controlfield tag="003">OSt</controlfield>
  <controlfield tag="005">20251023095041.0</controlfield>
  <controlfield tag="008">190603e        xxum|||| |||| 00| 0 spa d</controlfield>
  <datafield tag="040" ind1=" " ind2=" ">
    <subfield code="c">PJ</subfield>
  </datafield>
  <datafield tag="100" ind1=" " ind2=" ">
    <subfield code="9">4096</subfield>
    <subfield code="a">Mizrahi, Mauricio Luis</subfield>
  </datafield>
  <datafield tag="245" ind1="1" ind2="0">
    <subfield code="a">Procedencia de los da&#xF1;os y perjuicios por impedimentos de contacto parento-filiales. Responsabilidad del Estado /
 </subfield>
    <subfield code="c">Mauricio Luis Mizrahi.</subfield>
  </datafield>
  <datafield tag="260" ind1=" " ind2=" ">
    <subfield code="c">Ciudad Aut&#xF3;noma de Buenos Aires :</subfield>
    <subfield code="a">Thomson Reuters La Ley, </subfield>
    <subfield code="b">2025.</subfield>
  </datafield>
  <datafield tag="300" ind1=" " ind2=" ">
    <subfield code="a">p. 26-40</subfield>
  </datafield>
  <datafield tag="500" ind1=" " ind2=" ">
    <subfield code="a">Cita Online: TR LALEY AR/DOC/426/2025.
</subfield>
  </datafield>
  <datafield tag="505" ind1=" " ind2=" ">
    <subfield code="a">Sumario: I. El derecho de da&#xF1;os y la importancia de la comunicaci&#xF3;n del hijo con ambos progenitores.&#x2014; II. El impedimento de contacto y los deberes de la judicatura. La protecci&#xF3;n especial que merecen los ni&#xF1;os. Deficiencia en el accionar de ciertos tribunales.&#x2014; III. Da&#xF1;os y perjuicios por la obstaculizaci&#xF3;n de los v&#xED;nculos parento-filiales.&#x2014; IV. Admisi&#xF3;n por la jurisprudencia de la acci&#xF3;n por da&#xF1;os y perjuicios.&#x2014; V. Procedencia de la acci&#xF3;n de da&#xF1;os cuando no es genuino el discurso del ni&#xF1;o que rechaza el contacto.&#x2014; VI. Alcance de los da&#xF1;os a reclamar. Legitimaci&#xF3;n activa y pasiva. Responsabilidad del Estado.&#x2014; VII. Sentencias del Tribunal Europeo de Derechos Humanos en casos de alienaci&#xF3;n parental que impidieron los contactos parento-filiales. Aplicaci&#xF3;n en el derecho argentino.&#x2014; VIII. Rechazo de demandas de da&#xF1;os y perjuicios por la falta de los presupuestos de la responsabilidad civil.&#x2014; IX. Da&#xF1;os y perjuicios contra el progenitor que no se relaciona con su hijo. Jurisprudencia.&#x2014; X. De lege ferenda. Indemnizaci&#xF3;n en el mismo proceso donde tramita el reclamo del r&#xE9;gimen de comunicaci&#xF3;n.</subfield>
  </datafield>
  <datafield tag="505" ind1=" " ind2=" ">
    <subfield code="t">&#xBF;Te interesa el texto completo? Solicitalo al correo: koha@justierradelfuego.gov.ar
</subfield>
  </datafield>
  <datafield tag="650" ind1=" " ind2="0">
    <subfield code="9">1015</subfield>
    <subfield code="a">RESPONSABILIDAD PARENTAL</subfield>
  </datafield>
  <datafield tag="650" ind1=" " ind2="0">
    <subfield code="9">1215</subfield>
    <subfield code="a">RESPONSABILIDAD DEL ESTADO</subfield>
  </datafield>
  <datafield tag="650" ind1=" " ind2="0">
    <subfield code="9">4097</subfield>
    <subfield code="a">INTERES SUPERIOR DEL NI&#xD1;O</subfield>
  </datafield>
  <datafield tag="650" ind1=" " ind2="0">
    <subfield code="9">2823</subfield>
    <subfield code="a">DA&#xD1;OS Y PERJUICIOS</subfield>
  </datafield>
  <datafield tag="650" ind1=" " ind2="0">
    <subfield code="9">2741</subfield>
    <subfield code="a">DERECHOS DE LAS NI&#xD1;AS, NI&#xD1;OS Y ADOLESCENTES</subfield>
  </datafield>
  <datafield tag="650" ind1=" " ind2="0">
    <subfield code="9">5325</subfield>
    <subfield code="a">DERECHOS Y OBLIGACIONES DE LOS PADRES</subfield>
  </datafield>
  <datafield tag="650" ind1=" " ind2="0">
    <subfield code="9">1467</subfield>
    <subfield code="a">RESPONSABILIDAD CIVIL</subfield>
  </datafield>
  <datafield tag="773" ind1="0" ind2=" ">
    <subfield code="0">2713</subfield>
    <subfield code="9">3170</subfield>
    <subfield code="d">Ciudad Aut&#xF3;noma de Buenos Aires : Thomson Reuters La Ley, 2015-</subfield>
    <subfield code="t">Revista C&#xF3;digo Civil y Comercial. N&#xBA; 2 - Abril 2025</subfield>
  </datafield>
  <datafield tag="942" ind1=" " ind2=" ">
    <subfield code="2">udc</subfield>
    <subfield code="c">ANA</subfield>
  </datafield>
</record>
